| 000 | 00867cam a2200265 a 4500 | ||
|---|---|---|---|
| 001 | 4850170 | ||
| 005 | 20251030122950.0 | ||
| 008 | 910508s1992 paua b 001 0 eng c | ||
| 020 | _a0874343674 | ||
| 020 | _a9780874343670 | ||
| 050 | 1 | 0 |
_aRT84.5 _b.W47 1992 |
| 082 | 0 | 0 |
_a610.73/01 _220 |
| 100 | 1 | _aWesley, Ruby L. | |
| 245 | 1 | 0 |
_aNursing theories and models / _cRuby L. Wesley, author ; Marylou K. McHugh, reviewer. |
| 260 |
_aSpringhouse, Pa. : _bSpringhouse Corp., _cc1992. |
||
| 300 |
_a144 p. : _bill. ; _c23 cm. |
||
| 440 | 0 | _aSpringhouse notes | |
| 650 | 0 |
_aNursing _xPhilosophy _xOutlines, syllabi, etc. |
|
| 650 | 0 |
_aNursing models _xOutlines, syllabi, etc. |
|
| 650 | 0 |
_aNursing models _xOutlines, syllabi, etc. |
|
| 650 | 2 |
_aModels, Nursing _xoutlines. |
|
| 650 | 2 |
_aNursing Theory _xoutlines. |
|
| 700 | 1 | _aMcHugh, Marylou K. | |
| 942 |
_2lcc _cBK _n0 |
||
| 999 |
_c7952 _d7952 |
||